South Eastern Kenya University

Library Online Public Access Catalogue


Supplement to the international codes / (Record no. 11668)

MARC details
000 -LEADER
fixed length control field 03182cas a2200565 a 4500
001 - CONTROL NUMBER
control field 13707872
003 - CONTROL NUMBER IDENTIFIER
control field OSt
005 - DATE AND TIME OF LATEST TRANSACTION
control field 20160229170050.0
008 - FIXED-LENGTH DATA ELEMENTS--GENERAL INFORMATION
fixed length control field 040901d20012001vauuu 0 a0eng c
010 ## - LIBRARY OF CONGRESS CONTROL NUMBER
LC control number 2004208749
035 ## - SYSTEM CONTROL NUMBER
System control number (OCoLC)ocm47016159
040 ## - CATALOGING SOURCE
Original cataloging agency SEKU
042 ## - AUTHENTICATION CODE
Authentication code pcc
050 00 - LIBRARY OF CONGRESS CALL NUMBER
Classification number K 3538
Item number .A 933
245 00 - TITLE STATEMENT
Title Supplement to the international codes /
Statement of responsibility, etc. International Code Council.
260 ## - PUBLICATION, DISTRIBUTION, ETC. (IMPRINT)
Place of publication, distribution, etc. Falls Church, Va. :
Name of publisher, distributor, etc. International Code Council,
Date of publication, distribution, etc. c2001.
300 ## - PHYSICAL DESCRIPTION
Extent v. :
Other physical details ill. ;
Dimensions 28 cm.
362 0# - DATES OF PUBLICATION AND/OR SEQUENTIAL DESIGNATION
Dates of publication and/or sequential designation 2001.
515 ## - NUMBERING PECULIARITIES NOTE
Numbering peculiarities note Issue for 2001 supplements the 2000 ed. of the various codes.
550 ## - ISSUING BODY NOTE
Issuing body note Published in cooperation with: Building Officials and Code Administrators International, Inc., International Conference of Building Officials, and: Southern Building Code Congress International, Inc.
580 ## - LINKING ENTRY COMPLEXITY NOTE
Linking entry complexity note Supplement to: International building code; ICC electrical code; International energy conservation code; International fire code; International fuel gas code; International mechanical code; International plumbing code; International private sewage disposal code; International property maintenance code; and: International residential code.
580 ## - LINKING ENTRY COMPLEXITY NOTE
Linking entry complexity note Continues the 1999 accumulative supplement to the International plumbing code, International private sewage disposal code ...
650 #0 - SUBJECT ADDED ENTRY--TOPICAL TERM
Topical term or geographic name as entry element Building laws
Form subdivision Periodicals.
650 #0 - SUBJECT ADDED ENTRY--TOPICAL TERM
Topical term or geographic name as entry element Plumbing
General subdivision Standards
Form subdivision Periodicals.
650 #0 - SUBJECT ADDED ENTRY--TOPICAL TERM
Topical term or geographic name as entry element Fire prevention
General subdivision Standards
Form subdivision Periodicals.
650 #0 - SUBJECT ADDED ENTRY--TOPICAL TERM
Topical term or geographic name as entry element Housing
General subdivision Standards
Form subdivision Periodicals.
650 #0 - SUBJECT ADDED ENTRY--TOPICAL TERM
Topical term or geographic name as entry element Sewage disposal
General subdivision Standards
Form subdivision Periodicals.
650 #0 - SUBJECT ADDED ENTRY--TOPICAL TERM
Topical term or geographic name as entry element Standards, Engineering
Form subdivision Periodicals.
650 #0 - SUBJECT ADDED ENTRY--TOPICAL TERM
Topical term or geographic name as entry element Energy conservation
General subdivision Standards
Form subdivision Periodicals.
650 #0 - SUBJECT ADDED ENTRY--TOPICAL TERM
Topical term or geographic name as entry element Electricity
General subdivision Standards
Form subdivision Periodicals.
710 2# - ADDED ENTRY--CORPORATE NAME
Corporate name or jurisdiction name as entry element International Code Council.
710 2# - ADDED ENTRY--CORPORATE NAME
Corporate name or jurisdiction name as entry element Building Officials and Code Administrators International.
710 2# - ADDED ENTRY--CORPORATE NAME
Corporate name or jurisdiction name as entry element International Conference of Building Officials.
710 2# - ADDED ENTRY--CORPORATE NAME
Corporate name or jurisdiction name as entry element Southern Building Code Congress International.
730 0# - ADDED ENTRY--UNIFORM TITLE
Uniform title International building code.
730 0# - ADDED ENTRY--UNIFORM TITLE
Uniform title ICC electrical code.
730 0# - ADDED ENTRY--UNIFORM TITLE
Uniform title International energy conservation code.
730 0# - ADDED ENTRY--UNIFORM TITLE
Uniform title International fire code.
730 0# - ADDED ENTRY--UNIFORM TITLE
Uniform title International fuel gas code.
730 0# - ADDED ENTRY--UNIFORM TITLE
Uniform title International mechanical code.
730 0# - ADDED ENTRY--UNIFORM TITLE
Uniform title International plumbing code.
730 0# - ADDED ENTRY--UNIFORM TITLE
Uniform title International private sewage disposal code.
730 0# - ADDED ENTRY--UNIFORM TITLE
Uniform title International property maintenance code.
730 0# - ADDED ENTRY--UNIFORM TITLE
Uniform title International residential code for one- and two-family dwellings.
772 1# - SUPPLEMENT PARENT ENTRY
Title International ... code
Record control number (DLC) 00242102
-- (DLC)sn 99038368
-- (DLC) 00242103
-- (DLC)sn 99038371
-- (DLC) 96648276
-- (DLC) 95648359
-- (DLC) 95648457
-- (DLC)sn 99038370
-- (DLC) 00242104
780 10 - PRECEDING ENTRY
Title Accumulative supplement to the International plumbing code, International private sewage disposal code, and the ... supplement to the International mechanical code, International fuel gas code, International energy conservation code, International property maintenance code, International zoning code
785 00 - SUCCEEDING ENTRY
Title Accumulative supplement to the international codes
International Standard Serial Number 1550-0675
Record control number (DLC) 2004208577
-- (OCoLC)50881101
942 ## - ADDED ENTRY ELEMENTS (KOHA)
Source of classification or shelving scheme Library of Congress Classification
Koha item type General circulation
Holdings
Withdrawn status Lost status Source of classification or shelving scheme Damaged status Not for loan Home library Current library Date acquired Total Checkouts Full call number Barcode Date last seen Price effective from Koha item type Public note
    Library of Congress Classification     SEHSS - Library SEHSS - Library 29/02/2016   [EHS] K 3538 .A 933 2016/009908 29/02/2016 29/02/2016 General circulation A.K.
Kitui, Kenya.
+254736116989
library@seku.ac.ke